[Event "CHI-ch sf"]
[Site "Vina del Mar"]
[Date "2022.02.12"]
[Round "6"]
[White "Donoso Silva, Santiago"]
[Black "Norambuena Hernandez, Marco Antonio"]
[Result "1-0"]
[WhiteElo "1694"]
[BlackElo "1573"]
[PlyCount "119"]
[EventDate "2022.02.08"]
[EventType "swiss"]
[EventRounds "8"]
[EventCountry "CHI"]
[SourceTitle "CBM 207 Extra"]
[Source "ChessBase"]
[SourceDate "2022.05.31"]
[SourceVersion "1"]
[SourceVersionDate "2022.05.31"]
[SourceQuality "1"]

1. e4 e6 2. d3 d5 3. Nd2 Nf6 4. Ngf3 Be7 5. g3 dxe4 6. dxe4 Nc6 7. Bb5 Bd7 8. 0-0 a6 9. Be2 0-0 10. Re1 Ng4 11. Nb3 e5 12. c3 Be6 13. h3 Nf6 14. Qxd8 Raxd8 15. Bf1 Rd7 16. Bg5 h6 17. Bxf6 gxf6 18. Rad1 Rfd8 19. Rxd7 Rxd7 20. Nh4 Bxb3 21. axb3 Bc5 22. b4 Ba7 23. Bc4 Rd2 24. Re2 Rxe2 25. Bxe2 b5 26. Bg4 Ne7 27. Nf5 Nxf5 28. Bxf5 Bb6 29. Bc8 a5 30. bxa5 Bxa5 31. b4 Bb6 32. Bd7 c5 33. Bxb5 cxb4 34. cxb4 Kf8 35. Bc6 Ke7 36. Kg2 Kd6 37. b5 Bd4 38. f4 Kc5 39. Kf3 Bb2 40. Kg4 Bc1 41. Kf5 Kd6 42. Bd5 exf4 43. gxf4 Ke7 44. b6 Be3 45. b7 Ba7 46. Kg4 Kf8 47. Kf3 Ke7 48. Ke2 Bb8 49. f5 Be5 50. Kd3 Kd8 51. Bxf7 Kc7 52. Bd5 Bb2 53. Ke3 Be5 54. Kf3 Kd8 55. Kg4 Ke7 56. Kh5 Bf4 57. Be6 Kf8 58. Kg6 Be5 59. Kxh6 Bf4+ 60. Kg6 1-0